000 00539nam a2200181Ia 4500
005 20250326125327.0
008 250326s9999 xx 000 0 und d
037 _aTextbook
040 _aFMSL
_beng
_cFMSL
041 _aeng
_2eng
084 _aX8(A).5 L9
_qFMSL
100 _aCooper C L
_9126408
245 0 _aQuality of working life in Western and Eastern Europe
_cCooper C L; Mumford E
260 _aLondon
_bLondon, Associated Business
_c1979
300 _a348p
942 _cTB
_hX8(A).5 L9
999 _c1277549
_d1277549